|
|
|
|
| LEADER |
00989nab a2200277 i 4500 |
| 001 |
publ36907 |
| 005 |
20250602083032.0 |
| 008 |
250602s2025 hu o 000 eng d |
| 022 |
|
|
|a 0920-5861
|
| 024 |
7 |
|
|a 10.1016/j.cattod.2024.115161
|2 doi
|
| 024 |
7 |
|
|a 35637433
|2 mtmt
|
| 040 |
|
|
|a SZTE Publicatio Repozitórium
|b hun
|
| 041 |
|
|
|a eng
|
| 100 |
1 |
|
|a Gyulavári Tamás
|
| 245 |
1 |
0 |
|a Visible-light-active Rh-doped SrTiO3
|h [elektronikus dokumentum] :
|b Effect of Rh doping on the structural characteristics contributing to outstanding photocatalytic activity /
|c Gyulavári Tamás
|
| 260 |
|
|
|c 2025
|
| 300 |
|
|
|a 7
|
| 490 |
0 |
|
|a CATALYSIS TODAY
|v 447
|
| 650 |
|
4 |
|a Kémiai tudományok
|
| 700 |
0 |
1 |
|a Bóka Fanni
|e aut
|
| 700 |
0 |
1 |
|a Todea Milica
|e aut
|
| 700 |
0 |
1 |
|a Ágoston Áron
|e aut
|
| 700 |
0 |
1 |
|a Kukovecz Ákos
|e aut
|
| 700 |
0 |
1 |
|a Kónya Zoltán
|e aut
|
| 700 |
0 |
1 |
|a Pap Zsolt
|e aut
|
| 856 |
4 |
0 |
|u http://publicatio.bibl.u-szeged.hu/36907/1/Gyulavari_Tamas_Catal_Today_2025.pdf
|z Dokumentum-elérés
|